Pacific : (Запис № 534395)

МАРК-запис
000 -LEADER
fixed length control field 01104nam a22002653 4500
001 - CONTROL NUMBER
control field pacificcaliforni00gabr
003 - CONTROL NUMBER IDENTIFIER
control field CaSfIA
005 - DATE AND TIME OF LATEST TRANSACTION
control field 20210118204810.0
007 - PHYSICAL DESCRIPTION FIXED FIELD--GENERAL INFORMATION
fixed length control field cr||||
008 - FIXED-LENGTH DATA ELEMENTS--GENERAL INFORMATION
fixed length control field 080702s1990 xx 000 0 eng d
040 ## - CATALOGING SOURCE
Original cataloging agency YDXCP
Transcribing agency YDXCP
Modifying agency CaSfIA
020 ## - INTERNATIONAL STANDARD BOOK NUMBER
International Standard Book Number 0791010503
020 ## - INTERNATIONAL STANDARD BOOK NUMBER
International Standard Book Number 9780791010501
035 ## - SYSTEM CONTROL NUMBER
System control number (OCoLC)233143358
050 ## - LIBRARY OF CONGRESS CALL NUMBER
Classification number F
100 1# - MAIN ENTRY--PERSONAL NAME
Personal name Gabrowski, John F
245 00 - TITLE STATEMENT
Title Pacific :
Medium [electronic resource]
Remainder of title california, hawaii.
260 ## - PUBLICATION, DISTRIBUTION, ETC. (IMPRINT)
Place of publication, distribution, etc New York :
Name of publisher, distributor, etc Chelsea House,
Date of publication, distribution, etc 1990
300 ## - PHYSICAL DESCRIPTION
Extent p.
Dimensions cm.
506 ## - RESTRICTIONS ON ACCESS NOTE
Standardized terminology for access restriction Необхідна авторизація на https://archive.org/ (створення облікового запису безкоштовно)
506 ## - RESTRICTIONS ON ACCESS NOTE
Standardized terminology for access restriction Необхідна авторизація на https://openlibrary.org/ (створення облікового запису безкоштовно)
856 41 - ELECTRONIC LOCATION AND ACCESS
Uniform Resource Identifier <a href="http://www.archive.org/details/pacificcaliforni00gabr">http://www.archive.org/details/pacificcaliforni00gabr</a>
Public note Free eBook from the Internet Archive
856 42 - ELECTRONIC LOCATION AND ACCESS
Uniform Resource Identifier <a href="http://www.openlibrary.org/books/OL24216157M">http://www.openlibrary.org/books/OL24216157M</a>
Public note Additional information and access via Open Library
942 ## - ADDED ENTRY ELEMENTS (KOHA)
Koha item type ЕКнига

Немає доступних примірників.